Responses for Show #5369 - Thursday, January 3, 2008

Dan Pawson game 6.

Contestants

[<< previous game]

Jason Thweatt, a college instructor from Christiansburg, Virginia

Kevin Bertsch, a data analyst from Toronto, Ontario, Canada

Dan Pawson, a legislative aide from Boston, Massachusetts (whose 5-day cash winnings total $109,100)

[next game >>]

Jeopardy! Round responses

NATURE STUDY
COUNTRY COOKBOOKS
THEY OWN THAT?
WASHINGTON, D.C.
IF YOU'RE...
JUST SAY "NI"
    $200 12
poison ivy

Jason
    $200 10
Elvis

Dan
    $200 19
General Mills

Jason
    $200 1
"The Doughnut"

Jason
    $200 7
yellow

Dan
    $200 2
nimble

Jason
    $400 13
a fern

Dan
    $400 27
(Jason: Who is Rosalynn Carter?)
(Kevin: Who is Lillian Carter?)

June Carter (Cash)

KevinJason
Triple Stumper
    $400 20
the Gap

Dan
    $400 8
the Washington Monument

Jason
    $400 9
fish

Kevin
    $400 3
Nintendo

Jason
    $600 24
gills

Dan
    $600 28
Aunt Bee

Kevin
    $600 21
Mattel

Jason
    $600 11
the U.S. Capitol

Jason
    $600 16
Sicily

Jason
    $600 4
a ninja

Dan
    $800 25
a seal

Dan
    $800 29
(Laura Ingalls) Wilder

Dan
    $1,000 22
(Jason: What is General Foods?)
(Alex: No. I thought when we added "many varieties"... [*]. 57 varieties.)

Heinz

Jason
    $800 14
Blair House

Jason
    $800 17
amateur radio

Jason
    $800 5
nickel

Dan
    $1000 26
a jellyfish

Dan
    $1000 30
(Kevin: Who is Dolly Parton?)

Loretta Lynn

Kevin
Triple Stumper
    $1000 23
Campbell's

Triple Stumper
    $1000 15
Grant

Jason
    $1000 18
the Bundestag

Jason
    $1000 6
Nicholas II

Jason

Scores at the first commercial break (after clue 16):

Dan Kevin Jason
$2,200 $400 $5,400

Scores at the end of the Jeopardy! Round:

Dan Kevin Jason
$5,800 -$400 $6,600

Double Jeopardy! Round responses

LITERATURE
MOVIE CHARACTERS
NOTORIOUS
PROPER NAMES
THE BRITISH WILES
JEOPORTMANTEAU!
(Alex: Each correct response will be a word that's made up of two other words. For example, if I said to you "The free world leader who fixes teeth", you would say "What is the presidentist?" Y'got it?)
    $400 16
The Good Earth

Kevin
    $400 26
Gollum

Jason
    $400 17
Chicago

Dan
    $400 7
(Jason: What is a staple?)
(Kevin: what is a paperclip?)

a brad

KevinJason
Triple Stumper
    $400 1
golf holes

Dan
    $400 2
encyclopediatrician

Dan
    $800 18
Ichabod Crane

Jason
    $800 27
Luke Skywalker

Dan
    $800 19
John Wilkes Booth

Jason
    $800 8
peter

Dan
    $800 11
Lord Mayor

Jason
    $800 3
Talibanjo

Dan
    $1,200 23
Teapot Dome

Jason
    $1200 28
Jor-El

Kevin
    $1200 20
Augustus

Jason
    $1200 9
a Reuben

Jason
    $1200 12
(John) Wesley

Jason
    $1200 4
gumboer

Dan
    $1600 24
Oxbow

Dan
    $1600 29
Charlie's Angels

Kevin
    $1600 21
Billy the Kid

Jason
    $1600 10
[NOTE: This was the 120,000th clue entered into the J! Archive, 2008-01-06.]

jimmy

Kevin
    $1600 13
Cardiff

Dan
    $1600 5
coffeeble

Jason
    $2000 25
Tortilla Flat

Jason
    $2000 30
the 3:10 to Yuma

Dan
    $2000 22
(Kevin: What is Flanders?)

Cutpurse

Kevin
Triple Stumper
    $2000 15
a hank

Triple Stumper
    $2000 14
(Henry) Gray

Dan
    $2,000 6
[Jason moves his mouth as he thinks and counts out letters in the air with his finger, but does not give a response.]

whimmigration

Jason

Scores at the end of the Double Jeopardy! Round:

Dan Kevin Jason
$17,800 $2,000 $17,000

[wagering suggestions for these scores]

Final Jeopardy! Round responses

AVIATION HISTORY
(Alex: All of the others had made trips in planes and in Zeppelins as passengers. [*] was the first to fly solo.)
KevinWho was Corrigan?
$100
JasonWho is John Glenn? :(
$12,999
DanWho is ?
$799
Charles Lindbergh

Final scores:

Dan Kevin Jason
$17,001 $1,900 $4,001
6-day champion: $126,101 3rd place: $1,000 2nd place: $2,000

Game dynamics:

Coryat scores:

Dan Kevin Jason
$17,800 $2,000 $20,000
21 R,
0 W
6 R,
4 W
25 R
(including 1 DD),
4 W
(including 2 DDs)

Combined Coryat: $39,800

[game clues] [game scores] [suggest correction]

Game tape date: 2007-10-16
The J! Archive is created by fans, for fans. Scraping, republication, monetization, and malicious use prohibited; this site may use cookies and collect identifying information. See terms. The Jeopardy! game show and all elements thereof, including but not limited to copyright and trademark thereto, are the property of Jeopardy Productions, Inc. and are protected under law. This website is not affiliated with, sponsored by, or operated by Jeopardy Productions, Inc. Join the discussion at JBoard.tv.